| 000 | 00479nam a22001577a 4500 | ||
|---|---|---|---|
| 005 | 20251108165330.0 | ||
| 008 | 250721s9999 xx 000 0 ara d | ||
| 082 | 1 | 4 | _a928.4/جلا |
| 100 | 1 | _aصادق، جلال حسن | |
| 245 | 1 | 0 | _aمن أعلام الأدب الفرنسي / |
| 264 | 1 |
_aالقاهره : _bالدار القومية للطباعة و النشر، _c[19-]. |
|
| 300 | _a141ص | ||
| 650 | 1 | 7 | _aالأدب الفرنسي |
| 942 |
_2ddc _cBK |
||
| 999 |
_c25327 _d25327 |
||